000 01408nam a2200361 a 4500
001 sjdsz9bblp b2773581
003 sjds
005 20171017130557.0
008 050223s2005 ohua b 000 1 spa d
020 _a0769640613 : (trade pbk.)
020 _a9780769640617 : (trade pbk.)
040 _dCoBoFLC
_csjds
041 1 _aspa
_heng
100 1 _aRobinson, Hilary,
_d1962-
240 1 0 _aMr. Smith's surprising pet.
_lSpanish.
245 1 0 _aLa sorprendente mascota del Senor Perez /
_cde Hilary Robinson ; ilustraciones de Tim Archbold.
246 3 _aSorprendente mascota del Senor Perez.
260 _aColumbus, Ohio :
_bGingham Dog Press,
_c2005.
300 _a32 p. :
_bcol. ill. ;
_c23 cm.
490 1 _aLectores relampago. Nivel 3, Lector seguro.
500 _aTranslation of: Mr. Smith's surprising pet.
520 _aThe students are skeptical when their teacher claims to own a pet dinosaur. Includes vocabulary words and discussion questions. Includes vocabulary words and discussion questions.
521 2 _aGrados 1-2.
546 _aText in Spanish.
650 0 _aPets
_vJuvenile fiction.
650 0 _aDinosaurs
_vJuvenile fiction.
650 0 _aTeachers
_vJuvenile fiction.
650 0 _aSchools
_vJuvenile fiction.
655 1 _aSpanish language materials.
700 1 _aArchbold, Tim,
_eill.
830 0 _aLightning readers.
_nConfident reader 3.
_lSpanish.
942 _cBK
999 _c18954
_d18954